[Event "CAN-ch U12 Girls"]
[Site "Windsor"]
[Date "2015.07.09"]
[Round "7.84"]
[White "Chertkow, Sasha"]
[Black "Qiao, Cindy"]
[Result "0-1"]
[WhiteElo "1287"]
[BlackElo "1647"]
[PlyCount "108"]
[EventDate "2015.07.06"]
[EventType "swiss"]
[EventRounds "7"]
[EventCountry "CAN"]
[SourceTitle "EXT 2022"]
[Source "ChessBase"]
[SourceDate "2021.10.06"]
[SourceVersion "1"]
[SourceVersionDate "2021.10.06"]
[SourceQuality "1"]

1. e4 e5 2. Nf3 Nc6 3. Nc3 Nf6 4. d4 exd4 5. Nxd4 Bb4 6. Nxc6 bxc6 7. Bd3 0-0 8. 0-0 d5 9. Bg5 Be7 10. h3 Rb8 11. Rb1 Nxe4 12. Bxe7 Qxe7 13. Re1 f5 14. Qf3 Qc5 15. Bxe4 fxe4 16. Qe2 Bd7 17. Rf1 Rf6 18. Kh1 Rbf8 19. Rbe1 Rh6 20. f3 exf3 21. Rxf3 Qb4 22. a3 Qh4 23. Rxf8+ Kxf8 24. Rf1+ Kg8 25. Qf3 Rf6 26. Qe2 Rxf1+ 27. Qxf1 Qf6 28. Qa6 Qd4 29. Kh2 Qb6 30. Qxb6 cxb6 31. Kg3 Bf5 32. Ne2 Bxc2 33. Nd4 Ba4 34. b3 c5 35. bxa4 cxd4 36. Kf3 Kf7 37. Ke2 Kf6 38. Kd3 Ke5 39. g3 g5 40. a5 bxa5 41. a4 a6 42. h4 gxh4 43. gxh4 h5 44. Ke2 Ke4 45. Kd2 d3 46. Ke1 Ke3 47. Kd1 d2 48. Kc2 Ke2 49. Kb2 d1Q 50. Ka2 Qxa4+ 51. Kb1 Kd2 52. Kb2 Qb4+ 53. Ka2 Kc2 54. Ka1 Qa3# 0-1

[Event "CAN-ch U12 Girls"]
[Site "Windsor"]
[Date "2015.07.08"]
[Round "5.83"]
[White "Chertkow, Sasha"]
[Black "Cui, Cynthia"]
[Result "1-0"]
[WhiteElo "1287"]
[BlackElo "1386"]
[PlyCount "109"]
[EventDate "2015.07.06"]
[EventType "swiss"]
[EventRounds "7"]
[EventCountry "CAN"]
[SourceTitle "EXT 2022"]
[Source "ChessBase"]
[SourceDate "2021.10.06"]
[SourceVersion "1"]
[SourceVersionDate "2021.10.06"]
[SourceQuality "1"]

1. e4 d5 2. exd5 Qxd5 3. Nc3 Qd6 4. Nf3 Nf6 5. Bc4 c6 6. 0-0 Bg4 7. h3 Bxf3 8. Qxf3 e6 9. Ne2 Be7 10. d4 Nbd7 11. a3 Qc7 12. Bf4 Qb6 13. b4 0-0 14. Qg3 Nh5 15. Qg4 Ndf6 16. Qf3 Nxf4 17. Qxf4 Rfd8 18. Rad1 Rac8 19. c3 h6 20. Rd2 Nd5 21. Qe4 Nf6 22. Qf4 Bd6 23. Qh4 Qc7 24. Ng3 Bxg3 25. fxg3 Nd5 26. Rd3 Ne7 27. Rdf3 Ng6 28. Qe4 Rf8 29. Bxe6 Rcd8 30. Rxf7 Rxf7 31. Bxf7+ Qxf7 32. Rxf7 Kxf7 33. Qf5+ Kg8 34. Qxg6 Rd7 35. Qe8+ Kh7 36. Qxd7 h5 37. Qxb7 h4 38. gxh4 Kh6 39. Qxc6+ g6 40. d5 a6 41. d6 a5 42. d7 a4 43. d8R Kg7 44. Qd7+ Kf6 45. Rf8+ Ke5 46. Qe7+ Kd5 47. c4+ Kxc4 48. Rf4+ Kd5 49. Qg5+ Ke6 50. Rf6+ Kd7 51. Rxg6 Ke8 52. Qb5+ Kf7 53. Ra6 Ke7 54. Qb7+ Kd8 55. Ra8# 1-0

[Event "CAN-ch U12 Girls"]
[Site "Windsor"]
[Date "2015.07.07"]
[Round "2.82"]
[White "Chertkow, Sasha"]
[Black "Zhang, Jeannie"]
[Result "0-1"]
[WhiteElo "1287"]
[BlackElo "1547"]
[PlyCount "102"]
[EventDate "2015.07.06"]
[EventType "swiss"]
[EventRounds "7"]
[EventCountry "CAN"]
[SourceTitle "EXT 2022"]
[Source "ChessBase"]
[SourceDate "2021.10.06"]
[SourceVersion "1"]
[SourceVersionDate "2021.10.06"]
[SourceQuality "1"]

1. e4 c5 2. Ne2 Nc6 3. g3 g6 4. Bg2 Bg7 5. c3 Nf6 6. d4 cxd4 7. cxd4 d6 8. 0-0 a6 9. Nbc3 0-0 10. h3 Qc7 11. Be3 Rb8 12. d5 Ne5 13. Bd4 Nc4 14. b3 Nb6 15. Rc1 Qd8 16. e5 dxe5 17. Bxe5 Ra8 18. Nf4 Nbd7 19. Bd4 Re8 20. Be3 Rb8 21. Na4 b6 22. Rc6 b5 23. Nb2 Bb7 24. Rc2 Nb6 25. Rd2 h6 26. a4 g5 27. Nh5 Nxh5 28. Qxh5 Nxd5 29. Nd1 e6 30. Bc5 bxa4 31. bxa4 Qa5 32. Rc2 Rec8 33. Bd6 Rxc2 34. Bxb8 Qb6 35. Be4 Rc8 36. Be5 Bxe5 37. Qxh6 Bg7 38. Qxg5 Qd8 39. Qh5 Nf6 40. Bh7+ Nxh7 41. Ne3 Qg5 42. Qd1 Qf6 43. Ng4 Qf3 44. Qxf3 Bxf3 45. Ne3 Rc3 46. Kh2 Ra3 47. Rc1 Rxa4 48. Rc8+ Nf8 49. h4 Ra1 50. g4 Be5+ 51. Kh3 Rh1# 0-1

[Event "Toronto NAYCC U10 Girls"]
[Site "Toronto"]
[Date "2013.08.18"]
[Round "9"]
[White "Rajsic, Charlotte"]
[Black "Chertkow, Sasha"]
[Result "0-1"]
[WhiteElo "761"]
[BlackElo "956"]
[PlyCount "54"]
[EventDate "2013.08.14"]
[EventType "swiss"]
[EventRounds "9"]
[EventCountry "CAN"]
[SourceTitle "EXT 2022"]
[Source "ChessBase"]
[SourceDate "2021.10.06"]
[SourceVersion "1"]
[SourceVersionDate "2021.10.06"]
[SourceQuality "1"]

1. Nf3 d5 2. g3 Nf6 3. Bg2 Nc6 4. 0-0 e5 5. d3 Be6 6. b3 Bd6 7. Bg5 Qe7 8. c4 0-0-0 9. Nc3 dxc4 10. dxc4 h6 11. Bd2 Qd7 12. Qc2 Bh3 13. Rad1 Bxg2 14. Kxg2 g5 15. Kg1 Qh3 16. Rfe1 Ng4 17. e3 Nb4 18. Qb2 Nd3 19. Qc2 Nxe1 20. Rxe1 Bb4 21. Qf5+ Kb8 22. Rd1 Bxc3 23. Qxf7 Rhf8 24. Qe6 Rxf3 25. Be1 Qxh2+ 26. Kf1 Rxf2+ 27. Bxf2 Qxf2# 0-1

[Event "Toronto NAYCC U10 Girls"]
[Site "Toronto"]
[Date "2013.08.17"]
[Round "6"]
[White "Bhanji, Zaynah"]
[Black "Chertkow, Sasha"]
[Result "0-1"]
[WhiteElo "200"]
[BlackElo "956"]
[PlyCount "102"]
[EventDate "2013.08.14"]
[EventType "swiss"]
[EventRounds "9"]
[EventCountry "CAN"]
[SourceTitle "EXT 2022"]
[Source "ChessBase"]
[SourceDate "2021.10.06"]
[SourceVersion "1"]
[SourceVersionDate "2021.10.06"]
[SourceQuality "1"]

1. e4 e5 2. Nf3 Nc6 3. Bc4 Nf6 4. d3 Bc5 5. Nxe5 Nxe5 6. d4 Nxc4 7. dxc5 0-0 8. Nc3 Re8 9. 0-0 Nxe4 10. Nxe4 Rxe4 11. Re1 Rxe1+ 12. Qxe1 h6 13. h3 d6 14. cxd6 cxd6 15. b3 Nb6 16. Bb2 Bf5 17. Qc3 Qf6 18. Qxf6 gxf6 19. Bxf6 Bxc2 20. Rc1 Be4 21. Re1 Bc6 22. Re7 Re8 23. Rxe8+ Bxe8 24. a4 Nd5 25. Bd4 a6 26. f3 Nf4 27. b4 Ne2+ 28. Kf2 Nxd4 29. g4 f5 30. gxf5 Nxf5 31. b5 axb5 32. axb5 Bxb5 33. f4 d5 34. Ke1 d4 35. Kd1 b6 36. Kd2 Ba6 37. Kd1 b5 38. Kc1 d3 39. Kd1 b4 40. Kc1 b3 41. Kd1 Ne3+ 42. Kd2 b2 43. Kxe3 b1Q 44. f5 Qe1+ 45. Kf4 d2 46. f6 Qf2+ 47. Ke5 Qxf6+ 48. Kxf6 d1Q 49. Kg6 Bd3+ 50. Kxh6 Qg1 51. h4 Qg6# 0-1

[Event "CAN-ch U10 Girls"]
[Site "Ottawa"]
[Date "2013.07.10"]
[Round "2"]
[White "Chertkow, Sasha"]
[Black "Tsypin, Allison"]
[Result "1/2-1/2"]
[WhiteElo "881"]
[BlackElo "943"]
[PlyCount "121"]
[EventDate "2013.07.10"]
[EventType "swiss"]
[EventRounds "6"]
[EventCountry "CAN"]
[SourceTitle "EXT 2022"]
[Source "ChessBase"]
[SourceDate "2021.10.06"]
[SourceVersion "1"]
[SourceVersionDate "2021.10.06"]
[SourceQuality "1"]

1. e4 c5 2. Ne2 d6 3. Nbc3 Nf6 4. g3 g6 5. Bg2 Bg7 6. 0-0 0-0 7. h3 Nc6 8. d3 Rb8 9. Be3 b5 10. e5 Nxe5 11. d4 Ned7 12. a3 a5 13. Nb1 e5 14. c3 exd4 15. cxd4 Bb7 16. f3 Nd5 17. Bf2 Re8 18. b3 c4 19. bxc4 bxc4 20. Nbc3 Nxc3 21. Nxc3 d5 22. Rb1 Bc6 23. Qc2 Qc7 24. Rxb8 Rxb8 25. Kh2 Rb3 26. a4 Rb4 27. Re1 Rb8 28. Be3 Re8 29. Qd2 Nf6 30. Bf4 Qd7 31. Rxe8+ Qxe8 32. h4 Bxa4 33. Qa2 Bd7 34. Qxa5 Be6 35. g4 Qd7 36. Bh3 Qe8 37. Kg3 h6 38. Qb4 Qf8 39. Qb2 Qd8 40. Qe2 Qb6 41. Be3 Nd7 42. Qd2 h5 43. gxh5 Bxh3 44. Kxh3 Qe6+ 45. Kg3 Nf6 46. hxg6 Nh5+ 47. Kf2 Bf6 48. gxf7+ Kxf7 49. Ke2 Ng3+ 50. Kd1 Qa6 51. Qb2 Qe6 52. Qb7+ Kg6 53. Bd2 Qf5 54. Nxd5 Qxf3+ 55. Kc1 Qa3+ 56. Kd1 Qf3+ 57. Kc1 Qa3+ 58. Qb2 Ne2+ 59. Kc2 Qd3+ 60. Kd1 Bxd4 61. Qb6+ 1/2-1/2